00518 a2200169 4500003000500000005001700005040000900022082000800031100002600039245008700065260003200152300001100184650002100195942001200216999001900228952010100247Nust20170207171534.0 cNust a006 aGlenstrup, Arne John  aOptimised design and analysis of all-optical networks (EBOOK)cArne John Glenstrup aDenmarkbTele Danmarkc2002 a304 P. aOptical networks 2ddccBK c217153d217153 00102ddc40708NFICaMCSbMCSd2016-12-12l0o006 GLEpMCSEB-3440r2016-12-08w2016-12-12yBK